000 00877nam a2200241 i 4500
001 bg
245 0 0 _aKonstrukcje zespolone :
_bV Konferencja Naukowa, Zielona Góra 22-23 czerwca 1999.T.
_n2,Referaty.
260 _aZielona Góra :
_bWydaw. Politechniki Zielonogórskiej,
_c[1999].
300 _a297, [1] s. :
_bfot., rys., wykr. ;
_c24 cm.
500 _aStreszcz. ang.
500 _aNa prawach rps.
504 _aBibliogr. przy ref.
650 9 _aKonstrukcje stalowe
_xmechanika
650 9 _aKonstrukcje żelbetowe
_xmechanika
650 9 _aMosty
_xkonstrukcje
_xmechanika
655 _aMateriały konferencyjne
710 0 _aPolska Akademia Nauk
_bKomitet Inżynierii Lądowej i Wodnej
_bSekcja Konstrukcji Betonowych
040 _cBPK
041 0 _apl
_ben
080 _a624.012.45+624.014:624.2/.8](061)
942 _cKS
008 s pl f |000 0 pol
999 _c38068
_d38068
856 _uhttp://koha.tu.koszalin.pl/cgi-bin/koha/opac-detail.pl?biblionumber=38068
_yKatalog online BPK